=LDR 00000nam 2200000 4500 =001 INLIS000000000049022 =005 20170118121029.0 =006 =007 =008 =020 ##$$a 978-979-29-4082-4 =035 ##$$0010-011700000000303 =040 ##$$a NBPDMAT =082 ##$$a 650 =090 ##$$a 650 Lis k =100 ##$$a Li Shi Guang =245 ##$$a Koreanology : resep sukses mendunia ala korea $c Li Shi Guang ; editor Maya =260 ##$$a Yogyakarta $b Andi $c 2013 =300 ##$$a x, 150 hlm. $b ilus $c 23 cm. =500 ##$$a Bibliografi : hlm. 131 - 132 Biografi : hlm. 147 - 149 =650 ##$$a Bisnis =700 ##$$a Maya =850 ##$$a NBPDMAT